1591 1008 1356 1735 1426 1687 1830 1600 1192 1548 1984 1098 1454 1389 1185 1260 1619 1899 1923 1098 1897 1043 1629 1263 1548 1501 1118 1571 1884 1782 1528 1846 1311 1121 1378 1582 1004 2000 1269 1453 1074 1349 1552 1767 1880 1505 1591 1554 1093 1135 1896 1746 1342 1533 1008 1430 1940 1276 1700 1928 1591 1988 1782 1083 1217 1347 1936 1013 1838 1891 1532 1930 1099 1963 1249 1378 1322 1022 1907 1980 1325 1237 1419 1539 1797 1104 1750 1799 1240 1648 1653 1329 1391 1079 1458 1421 1385 1044 1909 BCNSPRNW ULIB Ver.6.0+V

เปลี่ยนเป็นภาษาไทย

Change to English
 แสดงรายละเอียดบรรณานุกรม
  กลับหน้าหลัก

Brief Record : Get Marc (ISO 2709) : E-mail record : QR code < ปิดหน้าต่าง
LEADER : 00000nam 2200000uu 4500
001    13399126586
003     ULIB
008    020711s2561 th a 000 0 tha d
020    ^a9786164559059
050    ^aนว^bม145ด
100    ^aมนต์ภวัน
245    ^aดวงใจเหมรัฐ/^cมนต์ภวัน
260    ^aกรุงเทพฯ :^bกัญณศมนต์ กะมุทา,^c2561
300    ^a479 หน้า;^b25 ซม.
650    ^aนวนิยาย
945    ^p385^l0^i004781
999    ^aประนอม เกษจรัล
รายการนี้ยังไม่มีแท็ก
คุณยังไม่ได้ล็อกอิน คุณสามารถมีกิจกรรมร่วมกับเว็บไซต์ได้ แต่ต้องล็อกอินก่อน ::
  ล็อกอิน

รายการสื่อสารสนเทศ

ลำดับที่ ประเภท เลขเรียก/บาร์โค้ด สถานที่ สถานะ
1. นวนิยาย
นวนิยาย
นว ม145ด ฉ.1 
  Barcode: 004781
ห้องสมุดวิทยาเขตสวรรค์ประชารักษ์
►นวนิยาย
บนชั้น
  ขอยืม

รายการใกล้เคียง
    ผู้แต่ง [มนต์ภวัน]

    หัวเรื่อง [นวนิยาย]

BibComment


ยังไม่เคยถูกคอมเมนท์

คอมเมนท์ทรัพยากรรายการนี้
  คอมเมนท์: ดวงใจเหมรัฐ มนต์..


 Copyright 2026. Bcnsprnw @Library